|
|
|
|
| LEADER |
00687nab a2200205 i 4500 |
| 001 |
publ7471 |
| 005 |
20190614143920.0 |
| 008 |
160624s2016 hu o 0|| angol d |
| 022 |
|
|
|a 2193-1801
|
| 024 |
7 |
|
|a 10.1186/s40064-016-1725-4
|2 doi
|
| 024 |
7 |
|
|a 3080071
|2 mtmt
|
| 040 |
|
|
|a SZTE Publicatio Repozitórium
|b hun
|
| 041 |
|
|
|a angol
|
| 100 |
1 |
|
|a Habók Anita
|
| 245 |
1 |
0 |
|a In-service teachers’ perceptions of project-based learning
|h [elektronikus dokumentum] /
|c Habók Anita
|
| 260 |
|
|
|c 2016
|
| 300 |
|
|
|a Terjedelem: 14 p.-Azonosító: 83
|
| 490 |
0 |
|
|a SPRINGERPLUS
|v 5
|
| 700 |
0 |
1 |
|a Nagy Judit
|e aut
|
| 856 |
4 |
0 |
|u http://publicatio.bibl.u-szeged.hu/7471/1/HA_NJ_2016.pdf
|z Dokumentum-elérés
|